000 00654nam a2200277Ia 4500
005 20260324125634.0
008 008 260324s9999 xx 000 0 eng d
020 _a9780203933404
037 _aEBOOK
040 _aCRL
040 _beng
040 _cCRL
041 _2eng
041 _aeng
084 _qCRL
100 _aAnthony Reid; Michael Gilsenan
_91178740
245 0 _aIslamic Legitimacy in a Plural Asia
260 _bTaylor and Francis
260 _c2008
365 _a
365 _b240
856 _uhttp://www.taylorfrancis.com/books/9780203933404
942 _cEBOOK
999 _c1774197
_d1774197